[Event "New Delhi Parsvnath op-C 16th"]
[Site "New Delhi"]
[Date "2018.01.14"]
[Round "3"]
[White "Rathore, Vikram Singh"]
[Black "S, Jeevanandam1"]
[Result "1-0"]
[WhiteElo "1570"]
[BlackElo "1442"]
[PlyCount "67"]
[EventDate "2018.01.09"]
[EventType "swiss"]
[EventRounds "10"]
[EventCountry "IND"]
[SourceTitle "CBM 182 Extra"]
[Source "ChessBase"]
[SourceDate "2018.02.23"]
[SourceVersion "1"]
[SourceVersionDate "2018.02.23"]
[SourceQuality "1"]

1. e4 c6 2. d4 d5 3. e5 c5 4. c3 Nc6 5. Be3 cxd4 6. cxd4 e6 7. Nf3 Bb4+ 8. Nc3 Nge7 9. a3 Bxc3+ 10. bxc3 Nf5 11. Bd3 Nxe3 12. fxe3 a6 13. 0-0 0-0 14. Qe1 Bd7 15. Qg3 h6 16. e4 Ne7 17. exd5 Nxd5 18. Qe1 Bc6 19. Qe4 Nf6 20. Qe1 Nd7 21. Nd2 b5 22. Ne4 Bxe4 23. Qxe4 g6 24. Rf3 Qe7 25. Raf1 Rac8 26. Bb1 Rcd8 27. Rg3 Kh8 28. Qe3 Kg7 29. Qe4 Kh8 30. h4 Rg8 31. h5 Nf8 32. Qe3 g5 33. Rf6 Kg7 34. Rxg5+ 1-0

[Event "New Delhi Parsvnath op-C 16th"]
[Site "New Delhi"]
[Date "2018.01.14"]
[Round "4"]
[White "Vaisakh, RP."]
[Black "Rathore, Vikram Singh"]
[Result "0-1"]
[WhiteElo "1468"]
[BlackElo "1570"]
[PlyCount "82"]
[EventDate "2018.01.09"]
[EventType "swiss"]
[EventRounds "10"]
[EventCountry "IND"]
[SourceTitle "CBM 182 Extra"]
[Source "ChessBase"]
[SourceDate "2018.02.23"]
[SourceVersion "1"]
[SourceVersionDate "2018.02.23"]
[SourceQuality "1"]

1. Nf3 d5 2. c4 e6 3. d4 Nf6 4. Bg5 Be7 5. e3 0-0 6. Nc3 b6 7. Be2 Bb7 8. 0-0 Nbd7 9. Rc1 a6 10. h3 Rc8 11. Bf4 c5 12. cxd5 exd5 13. dxc5 bxc5 14. Qb3 Qb6 15. Qxb6 Nxb6 16. Rfd1 h6 17. Nh4 Rfd8 18. Nf5 Bf8 19. Bf3 Kh7 20. Be5 Ng8 21. Ne2 g6 22. Nfg3 Bg7 23. Bc3 Bxc3 24. bxc3 Bc6 25. Rb1 Nc4 26. Nc1 Nf6 27. Be2 Ba4 28. Re1 Bb5 29. Nb3 Kg7 30. Kf1 Nd7 31. Red1 Ndb6 32. Bxc4 Nxc4 33. Ke1 Ne5 34. Kd2 Ba4 35. Rf1 Nc4+ 36. Ke1 Rb8 37. e4 dxe4 38. Ke2 Bb5 39. a4 Bxa4 40. Nxe4 Bxb3 41. Nxc5 Re8+ 0-1